000 00622nam a2200229Ia 4500
001 1664
003 GE_BSU
008 181216s||||||||xx |||||||||||||| ||und||
020 _a9789994093045
040 _cGE_BSU
080 _a004.9(075.8)
100 _aზაუტაშვილი, დავით
245 _aინტერნეტი.
250 _aგამოც. მე–2
260 _bქუთაისი
260 _c2008
300 _a115 გვ. 19 სმ.
541 _h5 ლ.
653 _aინტერნეტი
653 _aსახელმძღბანელო
942 _cBK
999 _c35781
_d35781